Carcinoma de endometrio : (Record no. 10607)

MARC details
000 -LEADER
fixed length control field 00767nam a22001937a 4500
008 - FIXED-LENGTH DATA ELEMENTS--GENERAL INFORMATION
fixed length control field 241213b ||||| |||| 00| 0 spa d
040 ## - CATALOGING SOURCE
Original cataloging agency AR-FvUNAJ
Modifying agency AR-FvUNAJ
Description conventions aacr2
082 14 - DEWEY DECIMAL CLASSIFICATION NUMBER
Edition number 14
Classification number 616.99
100 1# - MAIN ENTRY--PERSONAL NAME
9 (RLIN) 21012
Personal name Schlaen, Isaac
245 10 - TITLE STATEMENT
Title Carcinoma de endometrio :
Remainder of title precursores, detección, diagnóstico precoz. /
Statement of responsibility, etc Isaac Schlaen, con la colaboración de R. Armando Bocanera, Enrique Roncoroni, Alex Ferenczy.
260 ## - PUBLICATION, DISTRIBUTION, ETC. (IMPRINT)
Place of publication, distribution, etc Buenos Aires :
Name of publisher, distributor, etc Libreria Akadia,
Date of publication, distribution, etc 1981.
300 ## - PHYSICAL DESCRIPTION
Extent x, 194 p.
650 #0 - SUBJECT ADDED ENTRY--TOPICAL TERM
Source of heading or term dcs
9 (RLIN) 21013
Topical term or geographic name as entry element NEOPLASIAS ENDOMETRIALES
700 1# - ADDED ENTRY--PERSONAL NAME
9 (RLIN) 21014
Personal name Bocanera, R. Armando
Relator term col.
700 1# - ADDED ENTRY--PERSONAL NAME
9 (RLIN) 21015
Personal name Roncoroni, Enrique
Relator term col.
700 1# - ADDED ENTRY--PERSONAL NAME
9 (RLIN) 21016
Personal name Ferenczy, Alex
Relator term col.
942 ## - ADDED ENTRY ELEMENTS (KOHA)
Source of classification or shelving scheme Dewey Decimal Classification
Item type Libro, folleto, traducción
980 ## - EQUIVALENCE OR CROSS-REFERENCE-SERIES STATEMENT--PERSONAL NAME/TITLE [LOCAL, CANADA]
Linkage 2
Personal name Virginia Figueroa
Field link and sequence number 2
Miscellaneous information Virginia Figueroa
Holdings
Withdrawn status Lost status Source of classification or shelving scheme Damaged status Not for loan Home library Current library Date acquired Source of acquisition Total Checkouts Full call number Barcode Date last seen Price effective from Koha item type
    Dewey Decimal Classification     Biblioteca Central Biblioteca Central 13/12/2024 Donación   616.99 SCH UNAJ24120028 17/03/2025 13/12/2024 Libro, folleto, traducción

Lunes a Viernes 8:30 a 19:00 hs. Cerrado por mudanza
Av.Calchaqui 6200 Florencio Varela (CP188) 2°piso Edificio Mosconi Aula 209-210
Mail: bibliotecacentralunaj@gmail.com  
Whatsapp(54 9)1122668024    ❔Pregunte a la bibliotecaria
© Universidad Nacional Arturo Jauretche | Secretaría Académica | Biblioteca Central UNAJ